| 000 | 00748nam a2200193 a 4500 | ||
|---|---|---|---|
| 001 | 000016005 | ||
| 005 | 20240229073827.0 | ||
| 008 | 100223s1985 dr 000 0 spa d | ||
| 040 |
_aDO-SdBNP _bspa _cBNPHU |
||
| 082 |
_axxx _bE53l |
||
| 100 | 1 |
_aEmery, Miguel Angel _935950 |
|
| 245 | 1 | 4 |
_aLas lesiones al derecho de producción de los autores, editores, interpretes productores de fonogramas y videogramas y organismos de radiodifusión / _cMiguel Angel Emery ; presentación Raymundo Amaro Guzmán. |
| 260 |
_aSanto Domingo : _bPublicaciones de la ONAP, _c1985. |
||
| 300 |
_a19 p. ; _c23 cm. |
||
| 490 | 1 |
_aEstudios Juridicos _vno. 32 |
|
| 700 | 1 |
_aAmaro Guzmán, Raymundo _9656 |
|
| 830 | 0 |
_aEstudios Juridicos _nno. 32 _935951 |
|
| 049 | _aBNPD | ||
| 999 |
_c15547 _d15547 |
||